LDR 00633naa#a2200169#i#450# 001 EN\\bibl\118842 005 20260415053133.3 011 ## _a2949-1258 100 ## _a20260403b2026####ek#y0engy0150####ca 102 ## _aRU 200 1# _aThe conceptual framework and classification of special economic and legal regimes in the Russian Federation _eJournal article 210 1# _aVladivostok _cVladivostok State University _d2026 215 ## _a10 с. 608 ## _aJournal article _2local 675 ## _aЭкономика. Народное хозяйство. Экономические науки. 33 _z 700 #1 _aBereznikova _gAnna G. 856 4# _avvgu.editorum.ru _u